000 00654nam a2200205Ia 4500
003 GCL
005 20240530103034.0
008 140319s9999 xx 000 0 ara d
040 _aGCL /
_cGCL
082 0 4 _a370.7
_bو م
100 1 _aوهيب سمعان
245 1 0 _aالمدخل فى التربية المقارنة /
_cوهيب سمعان ، محمد منير مرسى
260 _aالقاهرة :
_bمكتبة الانجلوالمصرية
300 _a514 ص ؛
_c24 سم
650 0 4 _aالتعليم
650 0 4 _aالتربية
650 0 4 _aالتربية المقارنة
700 1 _aمحمد منير مرسى
942 _2ddc
_cBK
999 _c36352
_d36352